Riadenie kontinuity spoločnosti

Business Continuity Management (BCM) verzus informačná bezpečnosť na Slovensku. Čo je to BCM systém. Návratnosť zavedenia BCMS. Štandardy pre BCM. Implementácia BCMS vo vybraných spoločnostiach a v UniCredit Bank Slovakia.

Uložené v:
Podrobná bibliografia
Hlavný autor: Ondrášová, Iveta
Médium: Kapitola
Jazyk:Slovak
Predmet:
Tagy: Pridať tag
Žiadne tagy, Buďte prvý, kto otaguje tento záznam!

MARC

LEADER 00000nla a2200000 4500
001 0166756
005 20240502072914.9
041 0 |a slo 
044 |a SK 
245 1 0 |a Riadenie kontinuity spoločnosti  |c Iveta Ondrášová 
520 |a Business Continuity Management (BCM) verzus informačná bezpečnosť na Slovensku. Čo je to BCM systém. Návratnosť zavedenia BCMS. Štandardy pre BCM. Implementácia BCMS vo vybraných spoločnostiach a v UniCredit Bank Slovakia. 
610 2 0 |a riadenie podnikové 
610 2 0 |a systémy informačné manažérske 
610 2 0 |a bezpečnosť informačná 
610 2 0 |a riadenie rizík 
610 2 0 |a procesy podnikové 
610 2 0 |a certifikácia 
100 1 |a Ondrášová, Iveta